LEADER 04128oas 2201153 a 450 001 9910144875503321 005 20251105213014.0 011 $a1993-0321 035 $a(DE-599)ZDB2197632-6 035 $a(OCoLC)67617760 035 $a(CONSER) 2019204707 035 $a(CKB)1000000000241448 035 $a(EXLCZ)991000000000241448 100 $a20060425a20049999 sy a 101 0 $aeng 135 $aurun||||||||| 181 $ctxt$2rdacontent 182 $cc$2rdamedia 183 $acr$2rdacarrier 200 00$aJournal of mountain science 210 $aBeijing, China $cScience Press ;$aHeidelberg $cSpringer-Verlag 215 $a1 online resource 300 $aRefereed/Peer-reviewed 311 08$a1672-6316 330 3 $aThe Journal of Mountain Science (JMS) is devoted to mountains and their surrounding lowlands - ecoregions of particular global importance, with a particular emphasis on the important highlands/ mountains in the world, such as the Tibetan Plateau, the Himalayas, the Alps, the Andes, the Rockies and the many other mountain ranges of our planet. 330 3 $aThe publication aims to enhance international academic exchanges on mountain research, to speed up the integration of theoretical results and technical methods of mountain research in different countries, and to promote the development and progress of all the disciplines of mountain science. 330 3 $aTherefore, this journal pursues to be a principal medium for rapid publication of research achievements and a platform for academic discussions and exchanges in the international community of mountain science. 330 3 $aIt introduces the results from mountain research in China to colleagues abroad and, at the same time, recommends the achievements made by scientists from other countries to Chinese colleagues. 330 3 $aIn addition, this publication also bears the mission of introducing the mountain research achievements of the developing countries to the world scene. 531 1 $aJ. mt. sci. 606 $aMountains$zChina$vPeriodicals 606 $aMountains$vPeriodicals 606 $aMountain ecology$zChina$vPeriodicals 606 $aMountain ecology$vPeriodicals 606 $aMontagnes$zChine$vPe?riodiques 606 $aMontagnes$vPe?riodiques 606 $aE?cologie des montagnes$zChine$vPe?riodiques 606 $aE?cologie des montagnes$vPe?riodiques 606 $aMountain ecology$2fast 606 $aMountains$2fast 606 $aGeologia$2thub 606 $aMuntanyes$2thub 607 $aChina$2fast$1https://id.oclc.org/worldcat/entity/E39PBJdCqh8h6hJY7PT6MQW4bd 608 $aperiodicals.$2aat 608 $aPeriodicals$2fast 608 $aPeriodicals.$2lcgft 608 $aPe?riodiques.$2rvmgf 608 $aRevistes electròniques.$2thub 615 0$aMountains 615 0$aMountains 615 0$aMountain ecology 615 0$aMountain ecology 615 6$aMontagnes 615 6$aMontagnes 615 6$aE?cologie des montagnes 615 6$aE?cologie des montagnes 615 7$aMountain ecology 615 7$aMountains 615 7$aGeologia. 615 7$aMuntanyes. 676 $a551.4320951 712 02$aZhongguo ke xue yuan.$bInstitute of Mountain Disasters and Environment,$4spn 801 0$bOCLCS 801 1$bOCLCS 801 2$bOCLCS 801 2$bOCL 801 2$bCIT 801 2$bOCLCQ 801 2$bVRC 801 2$bVPI 801 2$bOCLCQ 801 2$bOCLCF 801 2$bOCLCQ 801 2$bZ5A 801 2$bFIE 801 2$bVYL 801 2$bVT2 801 2$bUKMGB 801 2$bDLC 801 2$bCNTRU 801 2$bWURST 801 2$bUHL 801 2$bLIP 801 2$bSFB 801 2$bCNMTR 801 2$bUBY 801 2$bUKUAL 801 2$bQGK 801 2$bOCLCQ 801 2$bOCLCO 801 2$bOCLCL 801 2$bOCLCQ 801 2$bOCLCO 801 2$bADU 801 2$bOCLCQ 906 $aJOURNAL 912 $a9910144875503321 996 $aJournal of mountain science$92274552 997 $aUNINA